| 000 | 00605cam a22002171 4500 | ||
|---|---|---|---|
| 001 | af 48002593 | ||
| 003 | DLC | ||
| 005 | 20260227110856.0 | ||
| 008 | 760525s1939 xx 000 0 ger | ||
| 010 | _aaf 48002593 | ||
| 035 | _a(OCoLC)2191951 | ||
| 040 |
_aDLC _cNFredU _dDLC |
||
| 042 | _apremarc | ||
| 050 | 0 | 0 |
_aD742.F7 _bR35 |
| 100 | 1 | _aReipert, Fritz. | |
| 245 | 1 | 0 |
_aWas will Frankreich? _b"Kriegsgründe," und was dahinter steht! |
| 260 |
_aBerlin, _bRödiger _c[1939] |
||
| 300 |
_a64 p. _billus. _c22 cm. |
||
| 650 | 0 |
_aWorld War, 1939-1945 _zFrance. |
|
| 650 | 0 |
_aWorld War, 1939-1945 _xCauses. |
|
| 999 |
_c5103 _d5103 |
||